Nationen nach Formel 1 Siegen - Statistiken

Allgemein
  • Dieses Quiz wurde 118 mal gespielt
  • Das Durchschnittsergebnis liegt bei 19 aus 23
Antwortstatistiken
Hint Antwort % Korrekt
179 Deutschland
100%
101 Brasilien
99%
43 Italien
98%
36 Spanien
98%
325 Vereinigtes Königreich
98%
33 Vereinigte Staaten
96%
81 Frankreich
95%
71 Niederlande
95%
41 Österreich
93%
8 Mexiko
91%
57 Finnland
90%
52 Australien
88%
38 Argentinien
86%
17 Kanada
86%
1 Polen
85%
7 Schweiz
85%
11 Belgien
84%
12 Schweden
78%
8 Monaco
70%
12 Neuseeland
65%
7 Kolumbien
61%
10 Südafrika
55%
1 Venezuela
37%
Keine übereinstimmenden Quizze gefunden
Verteilung der Resultate
Anzahl Personen mit jedem Resultat
Perzentil nach korrekt beantworteten Fragen
Ihre Resultats-Entwicklung
Sie haben dieses Quiz noch nicht gespielt